Phân tích các yếu tố ảnh hưởng đến hiệu quả hoạt động kinh doanh của các hoạt động kinh doanh của các doanh nghiệp nhỏ và vừa tại Vĩnh Long : Luận văn tốt nghiệp thạc sĩ ngành: Quản trị Kinh doanh

Nội dung luận văn giới thiệu cơ sở lý luận và phương pháp nghiên cứu. Phân tích các yếu tố ảnh hưởng đến hiệu quả hoạt động kinh doanh của các hoạt động kinh doanh của các doanh nghiệp nhỏ và vừa tại Vĩnh Long. Giải pháp và kiến nghị....

Cijeli opis

Spremljeno u:
Bibliografski detalji
Glavni autor: Lê, Thị Ngọc Hân
Format: Knjiga
Jezik:Undetermined
Izdano: Cần Thơ Trường Đại học Cần Thơ 2018
Teme:
Oznake: Dodaj oznaku
Bez oznaka, Budi prvi tko označuje ovaj zapis!
Thư viện lưu trữ: Trung tâm Học liệu Trường Đại học Cần Thơ
LEADER 01372nam a2200229Ia 4500
001 CTU_228163
008 210402s9999 xx 000 0 und d
082 |a 658.4012 
082 |b H121 
088 |a 60340102 
100 |a Lê, Thị Ngọc Hân 
245 0 |a Phân tích các yếu tố ảnh hưởng đến hiệu quả hoạt động kinh doanh của các hoạt động kinh doanh của các doanh nghiệp nhỏ và vừa tại Vĩnh Long : 
245 0 |b Luận văn tốt nghiệp thạc sĩ ngành: Quản trị Kinh doanh 
245 0 |c Lê Thị Ngọc Hân ; Đặng Thanh Sơn (hướng dẫn khoa học) 
260 |a Cần Thơ 
260 |b Trường Đại học Cần Thơ 
260 |c 2018 
520 |a Nội dung luận văn giới thiệu cơ sở lý luận và phương pháp nghiên cứu. Phân tích các yếu tố ảnh hưởng đến hiệu quả hoạt động kinh doanh của các hoạt động kinh doanh của các doanh nghiệp nhỏ và vừa tại Vĩnh Long. Giải pháp và kiến nghị. 
650 |a Lập kế hoạch chiến lược,Strategic planning 
650 |x Trường hợp nghiên cứu,Case studies 
910 |b dqhieu 
980 |a Trung tâm Học liệu Trường Đại học Cần Thơ